| 000 | 00382 a2200145 4500 | ||
|---|---|---|---|
| 005 | 20250516061930.0 | ||
| 020 | _a978-0-07-159783-8 | ||
| 082 | _aLECT 005.1 MAY | ||
| 100 | _aMAYO, J. | ||
| 245 | _aLINQ Programming. | ||
| 260 |
_aLondon, _bMcGraw-Hill, _c2009. |
||
| 300 |
_axxiv, 360p.: ill.; figures, pictures, tables. _bIndex, _c23cm, |
||
| 700 | _aCHARLIE, C. | ||
| 942 |
_2ddc _cBKS |
||
| 999 |
_c1937 _d1937 |
||